00641cam a22001934a 4500008004100000020002200041100002200063245011900085260004400204300003700248500002000285504004100305650002800346650002800374700001800402003000100420005001700421040000900438  a0080441629 (hbk.)1 aTillman, David A.10aFuels of opportunity :bcharacteristics and uses in combustion systems /cDavid A. Tillman and N. Stanley Harding. aAmsterdam ;aBoston :bElsevier,c2004. ax, 312 p. :bill., map ;c25 cm. aIncludes index. aIncludes bibliographical references. 0aWaste products as fuel. 0aCombustion engineering.1 aHarding, N.S.20230123122005.0 cNUST